Negotiation : Readings, exercises, and cases
Gespeichert in:
| 1. Verfasser: | |
|---|---|
| Format: | Buch |
| Sprache: | Undetermined |
| Veröffentlicht: |
Boston
McGraw-Hill/Irwin
2007
|
| Schlagworte: | |
| Tags: |
Tag hinzufügen
Keine Tags, Fügen Sie den ersten Tag hinzu!
|
| Thư viện lưu trữ: | Trung tâm Học liệu Trường Đại học Cần Thơ |
|---|
| LEADER | 00623nam a2200217Ia 4500 | ||
|---|---|---|---|
| 001 | CTU_133859 | ||
| 008 | 210402s9999 xx 000 0 und d | ||
| 020 | |c 470000 | ||
| 082 | |a 658.4052 | ||
| 082 | |b L672 | ||
| 100 | |a Lewicki, Roy J. | ||
| 245 | 0 | |a Negotiation : | |
| 245 | 0 | |b Readings, exercises, and cases | |
| 245 | 0 | |c Roy J. Lewicki, Bruce Barry, David M. Saunders. | |
| 260 | |a Boston | ||
| 260 | |b McGraw-Hill/Irwin | ||
| 260 | |c 2007 | ||
| 650 | |a Negotiation in business.,Negotiation,Đàm phán | ||
| 650 | |x Case studies | ||
| 904 | |i Năm | ||
| 980 | |a Trung tâm Học liệu Trường Đại học Cần Thơ | ||